Score 0/20 Timer 05:00
0 Plays Today
Personality % Correct
Jay Leno
92.7%
Stevie Wonder
88.1%
Bill Murray
85.8%
John Candy
82.9%
Dr. Phil McGraw
80.3%
Richard Branson
66.6%
Martin Short
61.5%
William H. Macy
57.2%
Ed Harris
51.9%
Morgan Fairchild
40.4%
Personality % Correct
Ron Perlman
33.2%
Tom Petty
32.7%
Cybill Shepherd
32.5%
Robbie Coltrane
25.4%
Steven Van Zandt
22.5%
Mary Hart
20.8%
Steve Wozniak
17.4%
John Hughes
16%
John Landis
10.1%
Julie Kavner
8.8%
Remove Ads.
Support Sporcle.
Get the best of Sporcle when you Go Orange. This ad-free experience offers more features, more stats, and more fun while also helping to support Sporcle. Thank you for becoming a member.

You're not logged in!

Compare scores with friends on all Sporcle quizzes.
OR
Log In

Show Comments

Extras

Top Quizzes Today


Score Distribution

Your Account Isn't Verified!

In order to create a playlist on Sporcle, you need to verify the email address you used during registration. Go to your Sporcle Settings to finish the process.

Report this User

Report this user for behavior that violates our Community Guidelines.

Details: